Stati sopra o sotto l'Equatore? - Quiz n°3 - Statistics

Statistiche generali
  • Questo quiz è stato fatto 29 volte
  • Il punteggio medio è 9 su 10
Statistiche sulle risposte
Hint Risposta % Corretto
Australia Sud dell'Equatore
100%
Argentina Sud dell'Equatore
96%
Bahrein Nord dell'Equatore
88%
Zimbabwe Sud dell'Equatore
88%
Singapore Nord dell'Equatore
85%
Belize Nord dell'Equatore
81%
Vanuatu Sud dell'Equatore
81%
Sudan Nord dell'Equatore
77%
Ghana Nord dell'Equatore
77%
Suriname Nord dell'Equatore
77%
Nessun quiz corrispondente trovato
Distribuzione punteggi
Percentuale di utenti per punteggio
Percentile per numero di risposta
I tuoi punteggi nel tempo
Non hai fatto questo quiz